| 000 | 00787nam a2200253Ia 4500 | ||
|---|---|---|---|
| 003 | OSt | ||
| 005 | 20220918171254.0 | ||
| 006 | a|||||r|||| 00| 0 | ||
| 007 | ta | ||
| 008 | 220917b |||||||| |||| 00| 0 eng d | ||
| 020 |
_a9781446273579 (pbk) _c2124.01 |
||
| 024 | _a289,508 | ||
| 037 |
_b2574, 28/03/2016, Govinda Book House _cTextual |
||
| 040 |
_aARTS _cARTS _beng |
||
| 041 |
_2eng _aeng |
||
| 082 | _aX:8:f, Q5 | ||
| 100 |
_aEkinci Yuksel _935233 |
||
| 245 | 0 | _aDesigning research questionnaires for business and management students Yuksel Ekinci | |
| 260 |
_aLondon _bSage UK _c2015 |
||
| 300 |
_axiii, 163p. _ccm. |
||
| 650 | _aECONOMICS | ||
| 942 |
_hX:8:f, Q5 _cTEXL _2CC |
||
| 999 |
_c138678 _d138678 |
||